[Event "SLO-chT 32nd"]
[Site "Ljubljana"]
[Date "2022.09.04"]
[Round "3.4"]
[White "Shpanko, Nadiia"]
[Black "Murko, David"]
[Result "1-0"]
[WhiteElo "2102"]
[BlackElo "2235"]
[PlyCount "121"]
[EventDate "2022.09.02"]
[EventType "team-tourn"]
[EventRounds "9"]
[EventCountry "SLO"]
[SourceTitle "EXT 2023"]
[Source "ChessBase"]
[SourceDate "2022.10.05"]
[SourceVersion "1"]
[SourceVersionDate "2022.10.05"]
[SourceQuality "1"]
[WhiteTeam "Trebnje BMP"]
[BlackTeam "Ptuj"]
[WhiteTeamCountry "SLO"]
[BlackTeamCountry "SLO"]

1. e4 c5 2. Nf3 d6 3. d4 cxd4 4. Nxd4 Nf6 5. Nc3 Nc6 6. Be3 Ng4 7. Bb5 Nxe3 8. Nxc6 Nxd1 9. Nxd8+ Kxd8 10. Rxd1 a6 11. Be2 e6 12. a4 Kc7 13. f4 Be7 14. 0-0 Bd7 15. g4 h6 16. Kg2 Bc6 17. Kg3 Bf6 18. Rf3 Rad8 19. b4 Bxc3 20. Rxc3 Kb8 21. Bxa6 Bxa4 22. Bd3 Rc8 23. Rxc8+ Rxc8 24. Rc1 Rc3 25. Kf2 Ra3 26. Ke2 Kc7 27. g5 h5 28. Kd2 Bc6 29. Rg1 d5 30. exd5 Bxd5 31. g6 f6 32. Rg3 Ra8 33. Rh3 Rh8 34. Re3 Kd6 35. c4 Bg2 36. c5+ Kd7 37. Bc4 Bd5 38. Bxd5 exd5 39. Kd3 Ra8 40. Kd4 Ra4 41. Rf3 Ra2 42. Rh3 Rd2+ 43. Kc3 Rg2 44. Rxh5 Rxg6 45. Rxd5+ Kc7 46. Rd2 Rg1 47. Kd4 Rf1 48. Rg2 Rxf4+ 49. Kd5 Rf3 50. Rxg7+ Kc8 51. Rh7 Rf1 52. h4 Rd1+ 53. Ke6 Rc1 54. Rh5 Kd8 55. Rd5+ Kc7 56. h5 Kc6 57. Rf5 b5 58. cxb6 Kxb6 59. Kxf6 Kc7 60. h6 Kd7 61. h7 1-0

[Event "EU-ch (Women) 22nd"]
[Site "Prague"]
[Date "2022.08.30"]
[Round "10"]
[White "Trasakova, Adela"]
[Black "Shpanko, Nadiia"]
[Result "0-1"]
[WhiteElo "1862"]
[BlackElo "2136"]
[PlyCount "90"]
[EventDate "2022.08.20"]
[EventType "swiss"]
[EventRounds "11"]
[EventCountry "CZE"]
[SourceTitle "CBM 209 Extra"]
[Source "ChessBase"]
[SourceDate "2022.09.30"]
[SourceVersion "1"]
[SourceVersionDate "2022.09.30"]
[SourceQuality "1"]

1. d4 d5 2. Nf3 Nf6 3. g3 Bf5 4. Bg2 h6 5. c4 e6 6. Nc3 c6 7. Qb3 Qb6 8. c5 Qxb3 9. axb3 Be7 10. b4 0-0 11. b5 cxb5 12. Nxb5 Nc6 13. 0-0 Ne4 14. h3 Bf6 15. Rd1 g5 16. g4 Bh7 17. e3 b6 18. Ne1 Be7 19. f3 Nf6 20. cxb6 axb6 21. Bd2 Na5 22. Bxa5 bxa5 23. Bf1 Rfb8 24. Rdc1 Ne8 25. Rc6 Rb7 26. Rac1 Kg7 27. Nc2 Rab8 28. Nca3 Bb4 29. Nc3 Nd6 30. Ba6 Rd7 31. Nd1 Bg6 32. Kf2 h5 33. Kg2 hxg4 34. hxg4 Bd2 35. R1c5 Rb3 36. Nb5 Nc4 37. Bc8 Re7 38. Nbc3 Bxc3 39. bxc3 Rb1 40. Nf2 Nxe3+ 41. Kh2 Re8 42. Nh3 Rb2+ 43. Kg1 Rh8 44. Bxe6 Rg2+ 45. Kh1 Rxh3# 0-1

[Event "EU-ch (Women) 22nd"]
[Site "Prague"]
[Date "2022.08.29"]
[Round "9"]
[White "Shpanko, Nadiia"]
[Black "Svobodova, Michaela"]
[Result "0-1"]
[WhiteElo "2136"]
[BlackElo "1943"]
[PlyCount "114"]
[EventDate "2022.08.20"]
[EventType "swiss"]
[EventRounds "11"]
[EventCountry "CZE"]
[SourceTitle "CBM 209 Extra"]
[Source "ChessBase"]
[SourceDate "2022.09.30"]
[SourceVersion "1"]
[SourceVersionDate "2022.09.30"]
[SourceQuality "1"]

1. e4 c5 2. Nf3 Nc6 3. Bc4 Nf6 4. e5 d5 5. Bb5 Ng8 6. 0-0 Bg4 7. h3 Bxf3 8. Bxc6+ bxc6 9. Qxf3 e6 10. Nc3 Ne7 11. b3 Nf5 12. Ba3 Qa5 13. Bb2 h5 14. d3 Be7 15. Na4 g5 16. c3 Kd7 17. g3 g4 18. hxg4 hxg4 19. Qe2 Rh3 20. Kg2 Rah8 21. Rh1 Qd8 22. Qxg4 Rxg3+ 23. Qxg3 Nxg3 24. fxg3 Qg8 25. Rxh8 Qxh8 26. Re1 Qh6 27. Re2 Qh5 28. Re1 Qf5 29. Re3 c4 30. dxc4 dxc4 31. Re2 cxb3 32. axb3 Qd3 33. Kf2 Kc7 34. Bc1 Qb5 35. Re4 Qxb3 36. Be3 Qc2+ 37. Kf3 Qd1+ 38. Kf2 Qh1 39. Rf4 Qh2+ 40. Kf3 Qh5+ 41. g4 Qh3+ 42. Ke2 Qg2+ 43. Bf2 Bh4 44. Rxf7+ Kd8 45. Nc5 Qxg4+ 46. Kd2 Ke8 47. Rf6 Bxf6 48. exf6 Qf4+ 49. Be3 Qxf6 50. Nd3 a5 51. Bc5 e5 52. Ke3 Qf5 53. Bd6 e4 54. Nf4 Kd7 55. Ba3 Qe5 56. Ne2 Qd5 57. Nd4 c5 0-1

[Event "Titled Tuesday intern op 09th Aug Early"]
[Site "Chess.com INT"]
[Date "2022.08.09"]
[Round "8"]
[White "Nemurov, Aleksandr"]
[Black "Shpanko, Nadiia"]
[Result "1-0"]
[WhiteElo "2251"]
[BlackElo "2136"]
[PlyCount "125"]
[EventDate "2022.08.09"]
[EventType "swiss (blitz)"]
[EventRounds "11"]
[EventCountry "USA"]
[SourceTitle "EXT 2023"]
[Source "ChessBase"]
[SourceDate "2022.10.05"]
[SourceVersion "1"]
[SourceVersionDate "2022.10.05"]
[SourceQuality "1"]

1. b3 g6 2. Bb2 Nf6 3. Bxf6 exf6 4. c4 f5 5. Nc3 Bg7 6. g3 0-0 7. e3 c6 8. Nge2 d6 9. Bg2 Nd7 10. 0-0 a5 11. d4 Nb6 12. Qd3 a4 13. b4 c5 14. bxc5 dxc5 15. Nd5 Nxd5 16. Bxd5 Rb8 17. Rab1 b5 18. dxc5 Be6 19. Rbd1 b4 20. Qc2 Qa5 21. Bxe6 fxe6 22. Nf4 Rfe8 23. Rd7 b3 24. axb3 axb3 25. Qd3 Qxc5 26. Rb1 b2 27. h4 Bf6 28. Rd6 Rbd8 29. Rd7 Qc6 30. Rxd8 Rxd8 31. Qb3 Ra8 32. c5 Ra1 33. Qc2 Rxb1+ 34. Qxb1 Qe4 35. Nd3 Kg7 36. Qc2 Qf3 37. Nxb2 Bxb2 38. Qxb2+ Kh6 39. Qd4 Qc6 40. Qd6 Qa4 41. Qf8+ Kh5 42. Qd8 h6 43. Qd4 Qa8 44. Kh2 g5 45. hxg5 hxg5 46. Qc4 Qf3 47. Qc2 Qc6 48. Kg1 g4 49. Qc4 Qf3 50. Qd3 Qc6 51. Qc4 Qf3 52. Qc2 Qc6 53. Qd2 Qf3 54. Qc1 Qc6 55. Qc2 Qf3 56. c6 f4 57. exf4 Qd5 58. c7 Qa5 59. c8Q Qe1+ 60. Kg2 Qe4+ 61. Qxe4 e5 62. Qcf5+ Kh6 63. Qg6# 1-0

[Event "Titled Tuesday intern op 09th Aug Early"]
[Site "Chess.com INT"]
[Date "2022.08.09"]
[Round "4"]
[White "Shpanko, Nadiia"]
[Black "Hoffmann, Asa"]
[Result "1-0"]
[WhiteElo "2136"]
[BlackElo "2185"]
[PlyCount "141"]
[EventDate "2022.08.09"]
[EventType "swiss (blitz)"]
[EventRounds "11"]
[EventCountry "USA"]
[SourceTitle "EXT 2023"]
[Source "ChessBase"]
[SourceDate "2022.10.05"]
[SourceVersion "1"]
[SourceVersionDate "2022.10.05"]
[SourceQuality "1"]

1. c4 Nf6 2. Nc3 d6 3. Nf3 e5 4. d3 Be7 5. g3 c6 6. Bg2 0-0 7. 0-0 h6 8. Qc2 Be6 9. b3 Qd7 10. d4 exd4 11. Nxd4 Bh3 12. Rd1 Bxg2 13. Kxg2 Na6 14. Ba3 Rfe8 15. Nf5 c5 16. Nb5 d5 17. e3 Bf8 18. Nc3 d4 19. exd4 cxd4 20. Bxf8 Qc6+ 21. Kg1 Rxf8 22. Nxd4 Qc5 23. Ne4 Nxe4 24. Qxe4 Rab8 25. Nf5 Kh8 26. Qg4 Rg8 27. Rd7 Nb4 28. Rxf7 Nd3 29. Qd4 Qxd4 30. Nxd4 Rgd8 31. Ne6 Rd6 32. Nf4 Nxf4 33. Rxf4 Rd2 34. Re1 Rxa2 35. Re7 Rb2 36. Rff7 Rxb3 37. Rxg7 a5 38. Rh7+ Kg8 39. Reg7+ Kf8 40. Rc7 Kg8 41. Rxh6 a4 42. Rch7 Rf8 43. Rh5 Rb1+ 44. Kg2 Rb2 45. Rh8+ Kg7 46. Rxf8 Kxf8 47. Ra5 Rb4 48. c5 Kf7 49. h4 Kg6 50. Kh3 Rc4 51. f3 Rc3 52. Rxa4 Rxc5 53. Rb4 b5 54. g4 Kh6 55. Kg3 Kg6 56. h5+ Kg5 57. f4+ Kh6 58. Kh4 Kg7 59. g5 Kf7 60. Kg4 Kg7 61. Re4 Kf7 62. g6+ Kf6 63. Rd4 Rc4 64. Rd6+ Kg7 65. Rb6 b4 66. Kg5 Rc5+ 67. f5 Rc7 68. h6+ Kf8 69. Kf6 Ke8 70. h7 Rc6+ 71. Rxc6 1-0

[Event "Titled Tuesday intern op 09th Aug Early"]
[Site "Chess.com INT"]
[Date "2022.08.09"]
[Round "2"]
[White "Shpanko, Nadiia"]
[Black "Makarian, Rudik"]
[Result "0-1"]
[WhiteElo "2136"]
[BlackElo "2499"]
[PlyCount "62"]
[EventDate "2022.08.09"]
[EventType "swiss (blitz)"]
[EventRounds "11"]
[EventCountry "USA"]
[SourceTitle "EXT 2023"]
[Source "ChessBase"]
[SourceDate "2022.10.05"]
[SourceVersion "1"]
[SourceVersionDate "2022.10.05"]
[SourceQuality "1"]

1. d4 Nf6 2. c4 c5 3. d5 g6 4. Nc3 Bg7 5. e4 d6 6. Nf3 0-0 7. Be2 e6 8. 0-0 e5 9. Ne1 Ne8 10. f4 exf4 11. Bxf4 Nd7 12. Nd3 Qe7 13. Rb1 Ne5 14. Nxe5 Bxe5 15. Bxe5 Qxe5 16. Qd3 Bd7 17. Nd1 f5 18. Nf2 Nf6 19. Bf3 Rae8 20. Rbe1 fxe4 21. Nxe4 Nxe4 22. Rxe4 Qxb2 23. Rb1 Qxa2 24. Rxb7 Qa1+ 25. Rb1 Qf6 26. Rxe8 Rxe8 27. Qd2 Bf5 28. Rb7 a5 29. Ra7 Qa1+ 30. Kf2 a4 31. Qh6 Qe1# 0-1

[Event "Titled Tuesday intern op 02nd Aug Early"]
[Site "Chess.com INT"]
[Date "2022.08.02"]
[Round "11"]
[White "Melikhov, Evgeny V"]
[Black "Shpanko, Nadiia"]
[Result "0-1"]
[WhiteElo "2292"]
[BlackElo "2136"]
[PlyCount "122"]
[EventDate "2022.08.02"]
[EventType "swiss (blitz)"]
[EventRounds "11"]
[EventCountry "USA"]
[SourceTitle "EXT 2023"]
[Source "ChessBase"]
[SourceDate "2022.10.05"]
[SourceVersion "1"]
[SourceVersionDate "2022.10.05"]
[SourceQuality "1"]

1. d4 Nf6 2. c4 g6 3. Nc3 Bg7 4. e4 d6 5. f3 0-0 6. Be3 Nbd7 7. Qd2 c5 8. Nge2 cxd4 9. Nxd4 Ne5 10. Be2 Nc6 11. 0-0 Qa5 12. Rac1 Be6 13. b3 Nd7 14. Rfd1 Rfc8 15. Nxe6 fxe6 16. Nb5 Qxd2 17. Rxd2 a6 18. Nd4 Nxd4 19. Bxd4 Bxd4+ 20. Rxd4 b5 21. Rdd1 b4 22. Kf2 a5 23. Ke3 e5 24. g3 Kg7 25. f4 Rc5 26. Bg4 Nf6 27. Be6 a4 28. Ra1 exf4+ 29. gxf4 Rh5 30. Rd2 axb3 31. Rb2 Ra3 32. h3 Rha5 33. c5 Rxc5 34. Rxb3 Rc3+ 35. Rxc3 Rxc3+ 36. Kd4 Nh5 37. Rb1 Nxf4 38. Rxb4 Rc2 39. Bb3 Rh2 40. a4 Rxh3 41. a5 Ne2+ 42. Kd5 Rd3+ 43. Kc6 Nd4+ 44. Kb6 Nxb3 45. a6 Nc5 46. a7 Ra3 47. e5 Nd7+ 48. Kb7 Rxa7+ 49. Kxa7 Nxe5 50. Kb6 h5 51. Kc7 g5 52. Kd8 Kf6 53. Rb7 Ng6 54. Ke8 h4 55. Rb1 g4 56. Rf1+ Kg5 57. Kf7 g3 58. Re1 g2 59. Re6 Ne5+ 60. Kxe7 g1Q 61. Rxd6 Qc5 0-1

[Event "Titled Tuesday intern op 02nd Aug Early"]
[Site "Chess.com INT"]
[Date "2022.08.02"]
[Round "2"]
[White "Pasti, Aron"]
[Black "Shpanko, Nadiia"]
[Result "1-0"]
[WhiteElo "2332"]
[BlackElo "2136"]
[PlyCount "29"]
[EventDate "2022.08.02"]
[EventType "swiss (blitz)"]
[EventRounds "11"]
[EventCountry "USA"]
[SourceTitle "EXT 2023"]
[Source "ChessBase"]
[SourceDate "2022.10.05"]
[SourceVersion "1"]
[SourceVersionDate "2022.10.05"]
[SourceQuality "1"]

1. e4 b6 2. d4 Bb7 3. Nc3 d6 4. Nf3 Nd7 5. Bc4 e6 6. 0-0 Be7 7. Re1 e5 8. dxe5 Nxe5 9. Nxe5 dxe5 10. Qh5 g6 11. Qxe5 Nf6 12. Bg5 0-0 13. Rad1 Qe8 14. Bxf6 Bxf6 15. Qxf6 1-0

[Event "Titled Tuesday intern op 02nd Aug Early"]
[Site "Chess.com INT"]
[Date "2022.08.02"]
[Round "3"]
[White "Shpanko, Nadiia"]
[Black "Warchol, Kamil"]
[Result "1-0"]
[WhiteElo "2136"]
[BlackElo "2200"]
[PlyCount "71"]
[EventDate "2022.08.02"]
[EventType "swiss (blitz)"]
[EventRounds "11"]
[EventCountry "USA"]
[SourceTitle "EXT 2023"]
[Source "ChessBase"]
[SourceDate "2022.10.05"]
[SourceVersion "1"]
[SourceVersionDate "2022.10.05"]
[SourceQuality "1"]

1. c4 e5 2. Nc3 Nf6 3. g3 c6 4. Bg2 d5 5. d3 d4 6. Ne4 Nxe4 7. Bxe4 f5 8. Bg2 Bb4+ 9. Bd2 Qe7 10. Nf3 Nd7 11. 0-0 0-0 12. e3 dxe3 13. Bxe3 Nf6 14. d4 e4 15. Nd2 Bd6 16. Re1 Ng4 17. Qe2 Bd7 18. c5 Bc7 19. b4 Rae8 20. a4 f4 21. gxf4 Nf6 22. b5 Qf7 23. Nc4 cxb5 24. Ne5 Bxe5 25. fxe5 Ng4 26. axb5 Qg6 27. Rxa7 Nxe3 28. Qxe3 Bxb5 29. Qxe4 Qg5 30. Rxb7 Ba6 31. Rb6 Bc8 32. e6 Qf6 33. d5 Qxf2+ 34. Kh1 Rf4 35. Qe3 Qa2 36. Rbb1 1-0

[Event "Pardubice Czech op-A 33rd"]
[Site "Pardubice"]
[Date "2022.07.29"]
[Round "8"]
[White "Kulon, Klaudia"]
[Black "Shpanko, Nadiia"]
[Result "1-0"]
[WhiteElo "2286"]
[BlackElo "2200"]
[PlyCount "69"]
[EventDate "2022.07.22"]
[EventType "swiss"]
[EventRounds "9"]
[EventCountry "CZE"]
[SourceTitle "CBM 209 Extra"]
[Source "ChessBase"]
[SourceDate "2022.09.30"]
[SourceVersion "1"]
[SourceVersionDate "2022.09.30"]
[SourceQuality "1"]

1. Nf3 d5 2. c4 d4 3. b4 c5 4. bxc5 Nc6 5. e3 e5 6. exd4 exd4 7. d3 Bxc5 8. Be2 Nge7 9. 0-0 0-0 10. Ba3 b6 11. Bxc5 bxc5 12. Nbd2 Bg4 13. Ne4 Qa5 14. Nfd2 Bxe2 15. Qxe2 Qa3 16. Nb3 a5 17. Nd6 a4 18. Nb5 Qb4 19. a3 Qxb3 20. Rab1 Ng6 21. Rxb3 axb3 22. Rb1 Na5 23. g3 Rfe8 24. Qd2 Ne5 25. Kg2 Re7 26. Qg5 f6 27. Qf5 Rf8 28. f4 g6 29. Qe4 Nec6 30. Qd5+ Kg7 31. Qxc5 Re2+ 32. Kh3 Rfe8 33. Nxd4 Ra2 34. Nxc6 Ree2 35. Nxa5 1-0

[Event "SLO-ch 32nd"]
[Site "Radenci"]
[Date "2022.07.04"]
[Round "2"]
[White "Kovac, Boris"]
[Black "Shpanko, Nadiia"]
[Result "1-0"]
[WhiteElo "2158"]
[BlackElo "2200"]
[PlyCount "77"]
[EventDate "2022.07.03"]
[EventType "swiss"]
[EventRounds "9"]
[EventCountry "SLO"]
[SourceTitle "EXT 2023"]
[Source "ChessBase"]
[SourceDate "2022.10.05"]
[SourceVersion "1"]
[SourceVersionDate "2022.10.05"]
[SourceQuality "1"]

1. e4 c5 2. Nf3 d6 3. d4 cxd4 4. Nxd4 Nf6 5. Nc3 g6 6. Be3 Bg7 7. f3 Nc6 8. Qd2 0-0 9. 0-0-0 Qa5 10. Kb1 Rd8 11. h4 Nxd4 12. Bxd4 e5 13. Be3 Be6 14. Bg5 Qc5 15. g4 Rac8 16. Rh2 Rd7 17. Be3 Qa5 18. g5 Rdc7 19. Nd5 Qxd2 20. Rdxd2 Nxd5 21. exd5 Bf5 22. Bxa7 b5 23. Bb6 Rb7 24. Be3 e4 25. f4 h6 26. gxh6 Bxh6 27. h5 Bf8 28. Bh3 Bxh3 29. Rxh3 gxh5 30. Rg2+ Bg7 31. Bd4 f6 32. Rxh5 Kf8 33. f5 Rc4 34. Be3 b4 35. Rh4 Kf7 36. b3 Rc3 37. Rxe4 Rb5 38. Rd2 Bf8 39. Kb2 1-0

[Event "SLO-ch 32nd"]
[Site "Radenci"]
[Date "2022.07.03"]
[Round "1"]
[White "Shpanko, Nadiia"]
[Black "Vidmar, Klara"]
[Result "1/2-1/2"]
[WhiteElo "2200"]
[BlackElo "1737"]
[PlyCount "60"]
[EventDate "2022.07.03"]
[EventType "swiss"]
[EventRounds "9"]
[EventCountry "SLO"]
[SourceTitle "EXT 2023"]
[Source "ChessBase"]
[SourceDate "2022.10.05"]
[SourceVersion "1"]
[SourceVersionDate "2022.10.05"]
[SourceQuality "1"]

1. d4 d5 2. Nf3 Nf6 3. e3 e6 4. Be2 Bd6 5. 0-0 0-0 6. b3 Nbd7 7. Bb2 c5 8. Ne5 b6 9. Nd2 Bb7 10. f4 cxd4 11. exd4 Ne4 12. Nxe4 dxe4 13. Bb5 Nf6 14. c4 Rc8 15. Qe2 a6 16. Ba4 Qe7 17. a3 Rfd8 18. b4 Ne8 19. c5 bxc5 20. dxc5 Bxe5 21. fxe5 Qg5 22. Rad1 Bd5 23. Bc2 e3 24. Rd4 h5 25. Rdf4 Qxg2+ 26. Qxg2 Bxg2 27. Kxg2 Rd2+ 28. Kg3 Rxc2 29. Bd4 e2 30. Re1 Rd8 1/2-1/2